<?xml version="1.0" encoding="UTF-8"?>
<record
    xmlns:xsi="http://www.w3.org/2001/XMLSchema-instance"
    xsi:schemaLocation="http://www.loc.gov/MARC21/slim http://www.loc.gov/standards/marcxml/schema/MARC21slim.xsd"
    xmlns="http://www.loc.gov/MARC21/slim">

  <leader>03284nam a2200349uu 4500</leader>
  <controlfield tag="001">1107832</controlfield>
  <controlfield tag="005">20260507084244.0</controlfield>
  <controlfield tag="007">co|||||||</controlfield>
  <controlfield tag="008">081007s2008                        spa  </controlfield>
  <datafield tag="035" ind1=" " ind2=" ">
    <subfield code="a">1107832</subfield>
  </datafield>
  <datafield tag="040" ind1=" " ind2=" ">
    <subfield code="c">comduadb</subfield>
  </datafield>
  <datafield tag="041" ind1=" " ind2=" ">
    <subfield code="a">spa</subfield>
  </datafield>
  <datafield tag="080" ind1=" " ind2=" ">
    <subfield code="a">WS</subfield>
  </datafield>
  <datafield tag="100" ind1="1" ind2="0">
    <subfield code="a">Acevedo Yepes, Liliana Maria</subfield>
    <subfield code="4">aut</subfield>
    <subfield code="e">aut</subfield>
    <subfield code="9">554307</subfield>
  </datafield>
  <datafield tag="245" ind1="1" ind2="0">
    <subfield code="a">Incremento de la autoestima en los jovenes del colectivo de Ciudad Don Bosco asociada a actitudes de independencia de sus pares para la toma de decisiones ; barrio Robledo Aures, Medellin, septiembre de 2008</subfield>
  </datafield>
  <datafield tag="260" ind1=" " ind2=" ">
    <subfield code="a">Medell&#xED;n :</subfield>
    <subfield code="b">[sin publicador],</subfield>
    <subfield code="c">2008.</subfield>
  </datafield>
  <datafield tag="300" ind1=" " ind2=" ">
    <subfield code="a">1 CD-ROM</subfield>
  </datafield>
  <datafield tag="500" ind1=" " ind2=" ">
    <subfield code="a">Este trabajo hace parte de la practica de promocion de la salud realizada por estudiantes de la Facultad de Enfermeria de la Universidad de Antioquia. El CD-ROM incluye dos grabaciones auditivas con una duracion de 1 minuto.</subfield>
  </datafield>
  <datafield tag="520" ind1="3" ind2=" ">
    <subfield code="a">El presente proyecto educativo de car&#xE1;cter social se basa en la teor&#xED;a del desarrollo a escala humana. Su realizaci&#xF3;n se hizo en cuatro fases: en la primera, se tuvo el acercamiento y reconocimiento del colectivo integrados por  j&#xF3;venes reci&#xE9;n ingresados al programa de Formaci&#xF3;n T&#xE9;cnica para el Trabajo en los diferentes talleres de la instituci&#xF3;n Ciudad Don Bosco (metal mec&#xE1;nica, confecci&#xF3;n, ebanister&#xED;a, artes graficas y mec&#xE1;nica automotriz) con edades entre los 15 y 18 a&#xF1;os de edad, la mayor&#xED;a en condici&#xF3;n de semi-internos; la segunda fase consisti&#xF3; en el diagnostico para la identificaci&#xF3;n del problema de autoestima pero no solo en la necesidad axiol&#xF3;gica, en la cual presentan m&#xE1;s debilidad los j&#xF3;venes, sino tambi&#xE9;n en los satisfactores m&#xE1;s vulnerables. Se encontr&#xF3; una debilidad en este satisfactor de la autoestima y la necesidad de tener una identidad frente al colectivo. Esta situaci&#xF3;n se debe a las dif&#xED;ciles condiciones de vida tanto en el &#xE1;mbito social como  familiar. Por consiguiente se evidencia una excesiva dependencia a la hora de tomar decisiones. La tercera fase es la de intervenci&#xF3;n, la cual se realiz&#xF3; mediante tres encuentros educativos que se desarrollaron con base a la alternativa elegida por los j&#xF3;venes; all&#xED; se trabajaron diferentes temas por medio de din&#xE1;micas e intervenciones te&#xF3;ricas, fortaleciendo as&#xED; sus debilidades para que logren ser sujetos con autonom&#xED;a en la toma de decisiones dentro de la sociedad y enfrentar los problemas y retos que les presenta la vida, logrando as&#xED; un desarrollo &#xED;ntegro como seres humanos. Finalmente se realiz&#xF3; la fase de evaluaci&#xF3;n, en la cual se observaron si los resultados obtenidos fueron los esperados.</subfield>
  </datafield>
  <datafield tag="650" ind1=" " ind2=" ">
    <subfield code="a">Fundaci&#xF3;n Ciudad Don Bosco</subfield>
    <subfield code="9">61897</subfield>
  </datafield>
  <datafield tag="650" ind1=" " ind2=" ">
    <subfield code="a">Autoestima en adolescentes</subfield>
    <subfield code="9">74815</subfield>
  </datafield>
  <datafield tag="650" ind1=" " ind2="7">
    <subfield code="a">Psicolog&#xED;a del adolescente</subfield>
    <subfield code="2">lemb</subfield>
    <subfield code="9">31974</subfield>
  </datafield>
  <datafield tag="650" ind1=" " ind2=" ">
    <subfield code="a">Juventud - Aspectos psicosociales</subfield>
    <subfield code="9">146310</subfield>
  </datafield>
  <datafield tag="650" ind1=" " ind2="7">
    <subfield code="a">Toma de decisiones</subfield>
    <subfield code="2">lemb</subfield>
    <subfield code="9">175188</subfield>
  </datafield>
  <datafield tag="700" ind1="1" ind2="0">
    <subfield code="a">Cadavid Zuluaga, Maria Alejandra</subfield>
    <subfield code="4">aut</subfield>
    <subfield code="e">aut</subfield>
    <subfield code="9">465223</subfield>
  </datafield>
  <datafield tag="700" ind1="1" ind2="0">
    <subfield code="a">Cardona Vargas, Anny Yohana</subfield>
    <subfield code="4">aut</subfield>
    <subfield code="e">aut</subfield>
    <subfield code="9">468551</subfield>
  </datafield>
  <datafield tag="700" ind1="1" ind2="0">
    <subfield code="a">Ortiz Velasco, Marcos Antonio</subfield>
    <subfield code="4">aut</subfield>
    <subfield code="e">aut</subfield>
    <subfield code="9">557766</subfield>
  </datafield>
  <datafield tag="700" ind1="1" ind2="0">
    <subfield code="a">Pineda Botero, Sergio Alejandro</subfield>
    <subfield code="4">aut</subfield>
    <subfield code="e">aut</subfield>
    <subfield code="9">560843</subfield>
  </datafield>
  <datafield tag="700" ind1="1" ind2="0">
    <subfield code="a">V&#xE1;squez Jaramillo, M&#xF3;nica</subfield>
    <subfield code="4">aut</subfield>
    <subfield code="e">aut</subfield>
    <subfield code="9">562574</subfield>
  </datafield>
  <datafield tag="700" ind1="1" ind2="0">
    <subfield code="a">Ortega P&#xE9;rez, Gloria Luc&#xED;a</subfield>
    <subfield code="4">ths</subfield>
    <subfield code="e">ths</subfield>
    <subfield code="9">465751</subfield>
  </datafield>
  <datafield tag="942" ind1=" " ind2=" ">
    <subfield code="c">BOOK</subfield>
  </datafield>
  <datafield tag="999" ind1=" " ind2=" ">
    <subfield code="c">477576</subfield>
    <subfield code="d">477576</subfield>
  </datafield>
  <datafield tag="952" ind1=" " ind2=" ">
    <subfield code="0">0</subfield>
    <subfield code="1">0</subfield>
    <subfield code="4">0</subfield>
    <subfield code="7">0</subfield>
    <subfield code="8">AUDIOVISUA</subfield>
    <subfield code="a">BE</subfield>
    <subfield code="b">BE</subfield>
    <subfield code="d">2008-10-07</subfield>
    <subfield code="e">Material adquirido por donaci&#xF3;n</subfield>
    <subfield code="i">C1020420</subfield>
    <subfield code="l">0</subfield>
    <subfield code="o">WS462 A2-08 CD-ROM</subfield>
    <subfield code="p">0681259</subfield>
    <subfield code="r">2023-04-28 00:00:00</subfield>
    <subfield code="t">1</subfield>
    <subfield code="w">2023-04-28</subfield>
    <subfield code="y">DIGITAL</subfield>
  </datafield>
</record>
